000 00617nam a22001937a 4500
005 20251108164058.0
008 250721s1997 xx 000 0 ara d
082 1 4 _a810.909/ناص
100 1 _aناصف، مصطفى
245 1 0 _aمحاورات مع النثر العربي /
264 1 _aالكويت :
_bالمجلس الوطني للثقافة و الفنون و الآداب،
_c1997.
300 _a382ص.
490 0 _aعالم المعرفة ؛
_v218
650 1 7 _aالأدب العربي
650 1 7 _aالنثر العربي
650 1 7 _aالنقد الأدبي
942 _2ddc
_cBK
999 _c3047
_d3047